000 02683nam a22002537a 4500
005 20240305165420.0
007 cr|||| ||||
008 140416s2012 es |||||s|||| 00||0 spa d
035 _a11876
040 _avLex
090 _c4789
_d4789
100 1 _ade Nova Labián, Alberto José
245 1 0 _aManual jurídico de comercio electrónico y marketing on-line para la Empresa 2.0
_h[Recurso electrónico] /
_cAlberto José de Nova Labián
256 _aServicio en línea
260 _aBarcelona:
_bEdiciones Experiencia,
_c2012
300 _a1 recurso electrónico
500 _aEl mundo empresarial no ha sido ajeno a los cambios de hábitos que hemos experimentado con la revolución tecnológica que vivimos, y se ha producido una autentica fiebre por parte de la mayoría de las empresas, por adaptarse a los nuevos tiempos y no perder el tren de la vanguardia de las nuevas tecnologías. Para ello, las empresas crean páginas webs que les permitan dar publicidad a sus productos o servicios, al mismo tiempo que puedan funcionar como portales de compra Online; formalizan los contratos con los clientes captados por la web mediante formularios; emiten facturas electrónicas; realizan campañas publicitarias a través del envío masivo de e-mails; insertan banners publicitarios en otras webs; crean perfiles en redes sociales con el fin de crear comunidad con sus potenciales clientes, etc. Sin embargo, esta adaptación no está resultando sencilla en todos los casos, ya que además del desarrollo tecnológico necesario, se plantean innumerables cuestiones de ámbito legal que generan incertidumbre e inseguridad a las empresas que quieren desarrollar estas actividades en un entorno como Internet. El presente manual pretende, por tanto, dotar al lector de una herramienta útil a la que poder acudir para consultar la legalidad de las prácticas más habituales en el Comercio Electrónico y Marketing Online, así como para conocer el marco legal dentro del cual poder desarrollar su actividad profesional, sin incurrir en incumplimientos que le puedan acarrear eventuales sanciones.
506 1 _aDisponible solo en los productos indicados
_dvLex Global
_dvLex Global (Academic Edition, excluding Law Schools)
_dvLex Global (U.S. Academic Edition, Law Schools)
_dvLex Global (U.S. Academic Edition, excluding Law Schools)
_dvLex Global (Academic Edition, Law Schools)
650 0 4 _aComercio
_zEspaña
650 0 4 _aDerecho de las Nuevas Tecnologías
_zEspaña
740 0 _avLex Libros (Servicio en línea)
856 4 0 _uhttps://app.vlex.com/#/sources/manual-juridico-de-comercio-electronico-y-marketing-on-line-para-la-empresa-2-0-11876
942 _cRAA
999 _c163140
_d163140